Countries by most Unesco Heritage Sites - Statistics

General Stats
  • This quiz has been taken 377 times
  • The average score is 24 of 26
Answer Stats
Sites Country % Correct
60 China
100%
61 Italy
99%
54 France
98%
55 Germany
98%
35 United Kingdom
98%
26 United States
98%
44 India
97%
26 Japan
97%
36 Mexico
97%
50 Spain
97%
24 Brazil
96%
33 Russia
96%
20 Greece
94%
22 Canada
93%
21 Australia
91%
29 Iran
91%
22 Türkiye
91%
17 Poland
90%
17 Portugal
90%
13 Netherlands
85%
15 Sweden
84%
17 South Korea
83%
16 Belgium
81%
13 Switzerland
81%
13 Peru
78%
17 Czech Republic
64%
No matching quizzes found
Score Distribution
Percent of People with Each Score
Percentile by Number Answered
Your Score History
You have not taken this quiz